[Event "Kimry Spring op"]
[Site "Kimry"]
[Date "2015.04.17"]
[Round "2"]
[White "Makhnev, Yuri"]
[Black "Dementieva, Ksenia"]
[Result "1-0"]
[WhiteElo "1907"]
[BlackElo "1469"]
[PlyCount "73"]
[EventDate "2015.04.17"]
[EventType "swiss"]
[EventRounds "7"]
[EventCountry "RUS"]
[SourceTitle "CBM 166 Extra"]
[Source "ChessBase"]
[SourceDate "2015.06.18"]
[SourceVersion "1"]
[SourceVersionDate "2015.06.18"]
[SourceQuality "1"]

1. Nf3 Nc6 2. g3 e5 3. d3 Nf6 4. Bg2 Bc5 5. 0-0 0-0 6. a3 h6 7. b4 Bb6 8. c4 a5 9. b5 Nd4 10. e3 Nxf3+ 11. Bxf3 d5 12. Qc2 Bc5 13. cxd5 Bh3 14. Qxc5 Bxf1 15. Kxf1 Qd6 16. Qc4 Rfd8 17. e4 Rac8 18. a4 c6 19. bxc6 bxc6 20. Ba3 Qd7 21. d6 Qh3+ 22. Ke2 Qe6 23. Qxe6 fxe6 24. Nd2 c5 25. Nc4 Kh7 26. Rb1 Ne8 27. Rb6 Rb8 28. Rc6 Rbc8 29. Rxc8 Rxc8 30. d7 Rd8 31. dxe8B Rxe8 32. Nxe5 Rc8 33. Bg4 g6 34. Nc4 Kg7 35. Bxe6 Rc6 36. Bd7 Rc7 37. Bb5 1-0

[Event "Kimry op 70th"]
[Site "Kimry"]
[Date "2014.08.30"]
[Round "6"]
[White "Mkrtchyan, Mikhail"]
[Black "Makhnev, Yuri"]
[Result "0-1"]
[WhiteElo "1406"]
[BlackElo "1909"]
[PlyCount "68"]
[EventDate "2014.08.28"]
[EventType "swiss"]
[EventRounds "7"]
[EventCountry "RUS"]
[SourceTitle "EXT 2015"]
[Source "ChessBase"]
[SourceDate "2014.11.20"]
[SourceVersion "1"]
[SourceVersionDate "2014.11.20"]
[SourceQuality "1"]

1. e4 e6 2. Nf3 b6 3. d4 Bb7 4. Nc3 Bb4 5. Bd3 Nf6 6. e5 Ne4 7. Bxe4 Bxc3+ 8. bxc3 Bxe4 9. Qe2 Bb7 10. 0-0 d5 11. Ba3 Ba6 12. Qd2 Bxf1 13. Rxf1 Nc6 14. Qd3 Na5 15. Nd2 Qd7 16. c4 dxc4 17. Nxc4 Nxc4 18. Qxc4 0-0-0 19. Rd1 Qd5 20. Qa6+ Kb8 21. Bb4 Qxe5 22. Be7 Rxd4 23. Rxd4 Qxd4 24. Qe2 Qa1+ 25. Qf1 Qxf1+ 26. Kxf1 Kb7 27. Ke2 f6 28. Ba3 Kc6 29. Kd3 Rd8+ 30. Kc3 Rd1 31. g3 Rf1 32. f4 Rf3+ 33. Kb4 a5+ 34. Ka4 b5+ 0-1

[Event "Kimry Summer op 69th"]
[Site "Kimry"]
[Date "2014.06.10"]
[Round "6"]
[White "Chernyaev, Vladimir"]
[Black "Makhnev, Yuri"]
[Result "0-1"]
[WhiteElo "1654"]
[BlackElo "1903"]
[PlyCount "40"]
[EventDate "2014.06.08"]
[EventType "swiss"]
[EventRounds "7"]
[EventCountry "RUS"]
[SourceTitle "CBM 160 Extra"]
[Source "ChessBase"]
[SourceDate "2014.07.01"]
[SourceVersion "1"]
[SourceVersionDate "2014.07.01"]
[SourceQuality "1"]

1. d4 e6 2. c4 b6 3. Nf3 Bb7 4. e3 f5 5. Be2 Nf6 6. 0-0 Be7 7. Nc3 0-0 8. d5 Qe8 9. Nb5 Na6 10. Nxc7 Nxc7 11. d6 Bd8 12. dxc7 Bxc7 13. b3 Ne4 14. Ba3 Nc3 15. Qc2 Nxe2+ 16. Qxe2 Qh5 17. Rfe1 Rf6 18. Rad1 Rg6 19. Kf1 Rxg2 20. Ng1 Rxg1+ 0-1

[Event "Kimry Summer op 69th"]
[Site "Kimry"]
[Date "2014.06.08"]
[Round "2"]
[White "Protasov, Sergey"]
[Black "Makhnev, Yuri"]
[Result "0-1"]
[WhiteElo "1598"]
[BlackElo "1903"]
[PlyCount "60"]
[EventDate "2014.06.08"]
[EventType "swiss"]
[EventRounds "7"]
[EventCountry "RUS"]
[SourceTitle "CBM 160 Extra"]
[Source "ChessBase"]
[SourceDate "2014.07.01"]
[SourceVersion "1"]
[SourceVersionDate "2014.07.01"]
[SourceQuality "1"]

1. e4 e6 2. d4 b6 3. Nc3 Bb7 4. Nf3 Bb4 5. Bd3 Nf6 6. Bg5 h6 7. Bh4 g5 8. Bg3 Nxe4 9. Bxe4 Bxe4 10. 0-0 Bxc3 11. bxc3 d6 12. Re1 Bb7 13. d5 e5 14. c4 Nd7 15. Nd2 Qf6 16. Ne4 Qg6 17. a4 f5 18. Nc3 f4 19. Nb5 Kd8 20. Ra3 a6 21. Nc3 h5 22. Ne4 h4 23. Qg4 hxg3 24. fxg3 Rg8 25. gxf4 gxf4 26. Qh4+ Kc8 27. Re2 Kb8 28. c3 Ka7 29. Rb2 Qxe4 30. Qe7 Qe1# 0-1

[Event "Kimry Winter op"]
[Site "Kimry"]
[Date "2012.01.30"]
[Round "8"]
[White "Bolgov, Leonid"]
[Black "Makhnev, Yuri"]
[Result "0-1"]
[WhiteElo "1442"]
[BlackElo "1885"]
[PlyCount "86"]
[EventDate "2012.01.27"]
[EventType "swiss"]
[EventRounds "8"]
[EventCountry "RUS"]
[SourceTitle "CBM 146 Extra"]
[Source "ChessBase"]
[SourceDate "2012.02.29"]
[SourceVersion "1"]
[SourceVersionDate "2012.02.29"]
[SourceQuality "1"]

1. e4 d5 2. exd5 Qxd5 3. Nc3 Qd8 4. Nf3 Bg4 5. Be2 Nf6 6. d3 e6 7. h3 Bh5 8. Be3 Bb4 9. Bd2 0-0 10. a3 Bc5 11. 0-0 c6 12. Nh2 Bg6 13. Ng4 Nbd7 14. Bg5 Bd4 15. Qd2 Qb6 16. Rab1 Nd5 17. Bf3 f5 18. Bxd5 exd5 19. Nh2 Rae8 20. Rfe1 Ne5 21. Bf4 Nf7 22. Rxe8 Rxe8 23. Nf3 Bf6 24. Be3 d4 25. Na4 dxe3 26. fxe3 Qxe3+ 27. Qxe3 Rxe3 28. Nc5 Rxf3 29. gxf3 Bd4+ 30. Kg2 Bxc5 31. b4 Bd4 32. Re1 Kf8 33. a4 Nd6 34. Re6 Nc8 35. a5 Kf7 36. Re1 Nd6 37. c4 Bc3 38. Rb1 f4 39. Rb3 Bd4 40. c5 Nb5 41. h4 Bf5 42. Kf1 Kg6 43. Rb2 Bxb2 0-1

[Event "Kimry Winter op"]
[Site "Kimry"]
[Date "2012.01.30"]
[Round "7"]
[White "Makhnev, Yuri"]
[Black "Makhnev, Vladimir"]
[Result "0-1"]
[WhiteElo "1885"]
[BlackElo "2238"]
[PlyCount "124"]
[EventDate "2012.01.27"]
[EventType "swiss"]
[EventRounds "8"]
[EventCountry "RUS"]
[SourceTitle "CBM 146 Extra"]
[Source "ChessBase"]
[SourceDate "2012.02.29"]
[SourceVersion "1"]
[SourceVersionDate "2012.02.29"]
[SourceQuality "1"]

1. e4 g6 2. d4 Bg7 3. Be3 c6 4. c4 d6 5. Nc3 e5 6. d5 c5 7. Bd3 Nh6 8. Qc1 Ng4 9. Bg5 f6 10. Bd2 f5 11. Nf3 0-0 12. h3 Nf6 13. Qc2 fxe4 14. Nxe4 Nxe4 15. Bxe4 a6 16. b4 Nd7 17. 0-0 Nf6 18. bxc5 Nxe4 19. Qxe4 Bf5 20. Qe3 e4 21. Nd4 dxc5 22. Nxf5 gxf5 23. Rab1 Bd4 24. Qg3+ Kh8 25. Bc3 Rg8 26. Bxd4+ cxd4 27. Qe5+ Rg7 28. Rxb7 Qg5 29. Rxg7 Qxg7 30. Qxf5 Re8 31. Re1 d3 32. Qh5 Rg8 33. g3 Qd4 34. Qd1 Rxg3+ 35. Kf1 Rxh3 36. Kg2 Rf3 37. Qa1 Qxa1 38. Rxa1 Kg7 39. Re1 d2 40. Rd1 Rd3 41. Kf1 h5 42. Ke2 h4 43. f3 Rd4 44. fxe4 Kf6 45. c5 Rxe4+ 46. Kf3 Rd4 47. Ke3 Rxd5 48. Ke4 Rxc5 49. Rxd2 Kg5 50. Kf3 a5 51. Kg2 a4 52. Kh2 a3 53. Rg2+ Kf4 54. Kh3 Kf3 55. Rg4 Rc2 56. Rxh4 Rc1 57. Kh2 Rc2+ 58. Kh3 Rc1 59. Kh2 Rc2+ 60. Kh3 Rxa2 61. Ra4 Ra1 62. Kh4 a2 0-1

[Event "Kimry Winter op"]
[Site "Kimry"]
[Date "2012.01.27"]
[Round "2"]
[White "Makhnev, Yuri"]
[Black "Protasov, Sergey"]
[Result "1-0"]
[WhiteElo "1885"]
[BlackElo "1582"]
[PlyCount "57"]
[EventDate "2012.01.27"]
[EventType "swiss"]
[EventRounds "8"]
[EventCountry "RUS"]
[SourceTitle "CBM 146 Extra"]
[Source "ChessBase"]
[SourceDate "2012.02.29"]
[SourceVersion "1"]
[SourceVersionDate "2012.02.29"]
[SourceQuality "1"]

1. e4 c5 2. Nf3 e6 3. d4 cxd4 4. Nxd4 Nf6 5. Bg5 Be7 6. Nc3 d6 7. Nb3 0-0 8. h4 a6 9. Bd3 Qc7 10. h5 h6 11. Bf4 b5 12. Qf3 Bb7 13. Qg3 Kh8 14. e5 Ne8 15. Qe3 Qc6 16. Rh3 Qxg2 17. Bxh6 Qxh3 18. Bxg7+ Kxg7 19. Qxh3 Rh8 20. 0-0-0 dxe5 21. Qg3+ Kf8 22. Rg1 Nd7 23. Be4 Bxe4 24. Nxe4 Ndf6 25. Nxf6 Bxf6 26. Nd2 Ng7 27. Qf3 Ke7 28. Qb7+ Kd6 29. Ne4# 1-0

[Event "Dmitrov op"]
[Site "Dmitrov"]
[Date "2011.07.31"]
[Round "6"]
[White "Makhnev, Yuri"]
[Black "Popelyshev, Igor Viktorovich"]
[Result "0-1"]
[WhiteElo "1872"]
[BlackElo "2176"]
[PlyCount "60"]
[EventDate "2011.07.29"]
[EventType "swiss"]
[EventRounds "9"]
[EventCountry "RUS"]
[SourceTitle "CBM 143 Extra"]
[Source "ChessBase"]
[SourceDate "2011.08.29"]
[SourceVersion "1"]
[SourceVersionDate "2011.08.29"]
[SourceQuality "1"]

1. e4 c5 2. Nf3 Nc6 3. d4 cxd4 4. Nxd4 g6 5. c3 Bg7 6. Be3 d6 7. Be2 Nf6 8. Nd2 h5 9. h3 Bd7 10. 0-0 Rc8 11. f4 e5 12. Nb5 Be6 13. f5 gxf5 14. exf5 Bd5 15. c4 Be4 16. Bg5 d5 17. Nxe4 dxe4 18. Nd6+ Ke7 19. Nxc8+ Qxc8 20. Qc2 Nd4 21. Qxe4 Qc5 22. Kh1 Kf8 23. Bxf6 Bxf6 24. Bf3 b6 25. b3 a5 26. Qb7 Nxf5 27. Kh2 e4 28. Bxe4 Qd6+ 29. Kg1 Bd4+ 30. Rf2 Bxf2+ 0-1

[Event "Dmitrov op"]
[Site "Dmitrov"]
[Date "2011.07.30"]
[Round "4"]
[White "Makhnev, Yuri"]
[Black "Ismayilov, Orkhan"]
[Result "1/2-1/2"]
[WhiteElo "1872"]
[BlackElo "2240"]
[PlyCount "63"]
[EventDate "2011.07.29"]
[EventType "swiss"]
[EventRounds "9"]
[EventCountry "RUS"]
[SourceTitle "CBM 143 Extra"]
[Source "ChessBase"]
[SourceDate "2011.08.29"]
[SourceVersion "1"]
[SourceVersionDate "2011.08.29"]
[SourceQuality "1"]

1. d4 Nf6 2. Nf3 g6 3. b3 Bg7 4. Bb2 0-0 5. e3 d6 6. c4 c5 7. d5 a6 8. Nc3 Bg4 9. h3 Bd7 10. Bd3 b5 11. cxb5 axb5 12. Qd2 b4 13. Ne2 Na6 14. Nf4 Nc7 15. Bc4 Ne4 16. Qc2 Nc3 17. 0-0 Bf5 18. Bd3 Bxd3 19. Qxd3 Qd7 20. e4 Qb5 21. Qc2 Bh6 22. Bxc3 Bxf4 23. Bd2 Bxd2 24. Qxd2 Kg7 25. h4 h5 26. Nh2 Qd7 27. f4 Nb5 28. Qe3 Nd4 29. Rf2 f5 30. Nf3 Nxf3+ 31. Rxf3 Rae8 32. e5 1/2-1/2

[Event "Dmitrov op"]
[Site "Dmitrov"]
[Date "2011.07.30"]
[Round "3"]
[White "Tarmosin, Mikhail"]
[Black "Makhnev, Yuri"]
[Result "1-0"]
[WhiteElo "2111"]
[BlackElo "1872"]
[PlyCount "103"]
[EventDate "2011.07.29"]
[EventType "swiss"]
[EventRounds "9"]
[EventCountry "RUS"]
[SourceTitle "CBM 143 Extra"]
[Source "ChessBase"]
[SourceDate "2011.08.29"]
[SourceVersion "1"]
[SourceVersionDate "2011.08.29"]
[SourceQuality "1"]

1. e4 e5 2. Nf3 Nc6 3. Bc4 Nf6 4. Ng5 d5 5. exd5 b5 6. Bxb5 Qxd5 7. Bf1 e4 8. d3 Bc5 9. Nc3 Qf5 10. Ngxe4 Bb6 11. Be3 0-0 12. Be2 Bb7 13. Qd2 Ba5 14. Nxf6+ Qxf6 15. Bf3 Rab8 16. 0-0 Ne5 17. Bxb7 Rxb7 18. Nd5 Bxd2 19. Nxf6+ gxf6 20. Bxd2 Rxb2 21. Rfc1 Nxd3 22. Bc3 Nxc1 23. Bxb2 Ne2+ 24. Kf1 Nf4 25. Bxf6 Rb8 26. g3 Nd5 27. Be5 Re8 28. Bd4 a6 29. Rb1 h5 30. c4 Re4 31. Rd1 Nb4 32. f3 Re6 33. Rd2 Nc6 34. Bb2 Ne5 35. Bxe5 Rxe5 36. Kf2 Ra5 37. Ke3 Kg7 38. Rd5 Rxa2 39. Rxh5 Rb2 40. h4 Rb7 41. Ra5 Rb6 42. Rc5 Re6+ 43. Kf2 Re8 44. Rxc7 Ra8 45. Rb7 a5 46. c5 Kf6 47. c6 Ke6 48. c7 Rc8 49. Ra7 Kd7 50. Rxa5 Rxc7 51. Re5 Kd6 52. Re2 1-0

[Event "Kimry Summer op"]
[Site "Kimry"]
[Date "2011.06.10"]
[Round "6"]
[White "Makhnev, Yuri"]
[Black "Berezin, Viktor"]
[Result "0-1"]
[WhiteElo "1879"]
[BlackElo "2169"]
[PlyCount "144"]
[EventDate "2011.06.08"]
[EventType "tourn"]
[EventRounds "7"]
[EventCountry "RUS"]
[SourceTitle "CBM 142 Extra"]
[Source "ChessBase"]
[SourceDate "2011.06.27"]
[SourceVersion "1"]
[SourceVersionDate "2011.06.27"]
[SourceQuality "1"]

1. d4 Nf6 2. c4 g6 3. Bg5 Ne4 4. Bf4 c5 5. Nc3 Qa5 6. Qa4 Qxa4 7. Nxa4 cxd4 8. Be5 f6 9. Bxd4 Nc6 10. Bc3 d6 11. e3 Be6 12. Rc1 Bg7 13. Bd3 Nxc3 14. Nxc3 Ne5 15. Be2 Rc8 16. b3 f5 17. Nf3 Kd7 18. Nd4 Bf7 19. 0-0 Nc6 20. Rfd1 Rhd8 21. g4 Nxd4 22. exd4 Bh6 23. Rc2 Be6 24. h3 fxg4 25. Bxg4 Bxg4 26. hxg4 Rf8 27. Kg2 Bg7 28. Nd5 e6 29. Ne3 Rf4 30. d5 e5 31. Rh1 h6 32. Rh3 e4 33. Rg3 b6 34. Kg1 Rcf8 35. Re2 Bd4 36. Rg2 Ke7 37. g5 h5 38. Rg3 h4 39. Rh3 Kd7 40. Rd2 Bxe3 41. fxe3 Rg4+ 42. Rg2 Rxg2+ 43. Kxg2 Rh8 44. Rh1 Rh5 45. Kf2 a6 46. a3 b5 47. Ke1 bxc4 48. bxc4 Kc7 49. Kd2 Kb6 50. Kc3 Kc5 51. Rh3 Rh7 52. Rh2 h3 53. Kb3 a5 54. a4 Rb7+ 55. Ka3 Kxc4 56. Rxh3 Rb3+ 57. Ka2 Rd3 58. Rh6 Rxe3 59. Rxg6 Kxd5 60. Rg8 Kc4 61. g6 Rg3 62. g7 Kd5 63. Kb2 Kd4 64. Kc2 Ke3 65. Kc3 Ke2+ 66. Kd4 e3 67. Kd5 Kd3 68. Kxd6 e2 69. Kc6 e1Q 70. Rd8+ Kc4 71. g8Q+ Rxg8 72. Rxg8 Qe6+ 0-1

[Event "Kimry Summer op"]
[Site "Kimry"]
[Date "2011.06.08"]
[Round "1"]
[White "Makhnev, Yuri"]
[Black "Zhuravlev, Leonid"]
[Result "1-0"]
[WhiteElo "1879"]
[BlackElo "1395"]
[PlyCount "35"]
[EventDate "2011.06.08"]
[EventType "tourn"]
[EventRounds "7"]
[EventCountry "RUS"]
[SourceTitle "CBM 142 Extra"]
[Source "ChessBase"]
[SourceDate "2011.06.27"]
[SourceVersion "1"]
[SourceVersionDate "2011.06.27"]
[SourceQuality "1"]

1. e4 e5 2. Nf3 Nc6 3. Bc4 Nf6 4. d4 d6 5. 0-0 Bg4 6. c3 Nxe4 7. Qb3 Qf6 8. Qxb7 Rd8 9. Qxc6+ Bd7 10. Qxe4 Qg6 11. Qxg6 hxg6 12. dxe5 dxe5 13. Nxe5 Bd6 14. Bf4 f6 15. Nxg6 Bxf4 16. Nxf4 Rh4 17. Re1+ Kf8 18. Ng6# 1-0

[Event "Kimry Spring op"]
[Site "Kimry"]
[Date "2011.05.01"]
[Round "5"]
[White "Makhnev, Yuri"]
[Black "Mikhailov, Ivan"]
[Result "0-1"]
[WhiteElo "1879"]
[BlackElo "2011"]
[PlyCount "104"]
[EventDate "2011.04.29"]
[EventType "swiss"]
[EventRounds "8"]
[EventCountry "RUS"]
[SourceTitle "CBM 142 Extra"]
[Source "ChessBase"]
[SourceDate "2011.06.27"]
[SourceVersion "1"]
[SourceVersionDate "2011.06.27"]
[SourceQuality "1"]

1. Nf3 Nf6 2. g3 g6 3. Bg2 Bg7 4. 0-0 0-0 5. d4 d6 6. Nbd2 Nbd7 7. e4 e5 8. dxe5 dxe5 9. Qe2 Qe7 10. Qc4 b6 11. b4 a5 12. b5 c5 13. Qe2 Bb7 14. Ne1 Ne8 15. Nd3 Nd6 16. Nb2 Rfe8 17. a4 Nf8 18. Ndc4 Nxc4 19. Nxc4 Qc7 20. Bh3 Rad8 21. Ra3 Rd4 22. Be3 Rxe4 23. Bg2 Rxc4 24. Qxc4 Ne6 25. Bxb7 Qxb7 26. Rd3 Nd4 27. Bxd4 cxd4 28. f3 Rc8 29. Qa2 Qc7 30. Rf2 Kh8 31. g4 Kg8 32. Kf1 Qc5 33. Qa3 Qd5 34. Qb3 Qc5 35. Qa3 Qc7 36. Qb3 Bf6 37. Re2 Rd8 38. Kg2 Bg5 39. Qa2 Be3 40. Qb3 Rc8 41. Rdxe3 dxe3 42. Qxe3 Qc5 43. Kf2 Qb4 44. Qb3 Qd4+ 45. Kg2 Rc3 46. Qa2 Rc4 47. c3 Rxc3 48. Rd2 Qe3 49. Qd5 Rc1 50. Qd8+ Kg7 51. Qd3 Rg1+ 52. Kh3 Qh6# 0-1

[Event "Kimry Spring op"]
[Site "Kimry"]
[Date "2011.04.30"]
[Round "3"]
[White "Vetokhin, Dmitry"]
[Black "Makhnev, Yuri"]
[Result "1-0"]
[WhiteElo "1832"]
[BlackElo "1879"]
[PlyCount "67"]
[EventDate "2011.04.29"]
[EventType "swiss"]
[EventRounds "8"]
[EventCountry "RUS"]
[SourceTitle "CBM 142 Extra"]
[Source "ChessBase"]
[SourceDate "2011.06.27"]
[SourceVersion "1"]
[SourceVersionDate "2011.06.27"]
[SourceQuality "1"]

1. Nf3 Nf6 2. c4 e6 3. Nc3 b6 4. d4 Ba6 5. e4 Bb4 6. Bd3 0-0 7. 0-0 Bxc3 8. bxc3 Nc6 9. Qc2 Na5 10. e5 Ne8 11. Bxh7+ Kh8 12. Bd3 Bxc4 13. Bxc4 Nxc4 14. Qd3 Nxe5 15. Nxe5 Qh4 16. Nxd7 Rg8 17. Ne5 Nd6 18. Ba3 c5 19. dxc5 Nf5 20. Nxf7+ Kh7 21. cxb6 axb6 22. Bc1 Ra7 23. Ng5+ Kg6 24. Nxe6 Rh8 25. h3 Ra4 26. Ng5 Rg4 27. Re1 Rxg5 28. Bxg5 Qxg5 29. Re6+ Kf7 30. Qd7+ Kg8 31. Re8+ Kh7 32. Rxh8+ Kxh8 33. Re1 Nh4 34. Qg4 1-0

[Event "Kimry Autumn"]
[Site "Kimry"]
[Date "2010.09.01"]
[Round "7"]
[White "Mikhailov, Ivan"]
[Black "Makhnev, Yuri"]
[Result "1/2-1/2"]
[WhiteElo "1981"]
[BlackElo "1893"]
[PlyCount "97"]
[EventDate "2010.08.29"]
[EventType "swiss"]
[EventRounds "7"]
[EventCountry "RUS"]
[SourceTitle "EXT 2022"]
[Source "ChessBase"]
[SourceDate "2021.10.06"]
[SourceVersion "1"]
[SourceVersionDate "2021.10.06"]
[SourceQuality "1"]

1. d4 e6 2. c4 Nf6 3. g3 Bb4+ 4. Bd2 Be7 5. Bg2 d5 6. Nf3 0-0 7. 0-0 Nbd7 8. Qc2 c6 9. Bf4 Nh5 10. Rd1 Nxf4 11. gxf4 Bd6 12. e3 Re8 13. Nc3 Nf8 14. c5 Bc7 15. b4 Bd7 16. a4 a6 17. b5 cxb5 18. axb5 axb5 19. Qb3 b4 20. Qxb4 Ba5 21. Qb3 Bxc3 22. Qxc3 f6 23. Qb4 Bc6 24. Bf1 Qd7 25. Ra5 Rxa5 26. Qxa5 e5 27. fxe5 Qg4+ 28. Bg2 fxe5 29. dxe5 Ng6 30. h3 Qh5 31. Rd4 Nxe5 32. Nxe5 Qxe5 33. Qa2 Qg5 34. Rxd5 Bxd5 35. Qxd5+ Qxd5 36. Bxd5+ Kf8 37. Bxb7 Re5 38. c6 Rc5 39. Kg2 Ke7 40. f4 Kd6 41. Kf3 h5 42. Ba6 Rxc6 43. Bd3 Ke7 44. f5 Rf6 45. Kg3 Rh6 46. h4 Rb6 47. Kf4 Kf6 48. Be2 g6 49. fxg6 1/2-1/2

[Event "Kimry Autumn"]
[Site "Kimry"]
[Date "2010.08.30"]
[Round "3"]
[White "Makhnev, Yuri"]
[Black "Bik Mukhamedov, Mikhail"]
[Result "1-0"]
[WhiteElo "1893"]
[BlackElo "1881"]
[PlyCount "45"]
[EventDate "2010.08.29"]
[EventType "swiss"]
[EventRounds "7"]
[EventCountry "RUS"]
[SourceTitle "EXT 2022"]
[Source "ChessBase"]
[SourceDate "2021.10.06"]
[SourceVersion "1"]
[SourceVersionDate "2021.10.06"]
[SourceQuality "1"]

1. e4 e5 2. Nf3 Nc6 3. d4 exd4 4. Bc4 h6 5. 0-0 Bc5 6. c3 d3 7. b4 Bd6 8. e5 Bf8 9. Qb3 Qe7 10. Ba3 Nxe5 11. Nxe5 Qxe5 12. Bxf7+ Kd8 13. Bxg8 Bd6 14. g3 h5 15. Qd5 Qe2 16. Qg5+ Qe7 17. Qxe7+ Bxe7 18. Bc4 h4 19. Nd2 hxg3 20. fxg3 Bf6 21. Ne4 Be5 22. Ng5 Rh5 23. Nf7+ 1-0

[Event "Kimry Autumn"]
[Site "Kimry"]
[Date "2010.08.29"]
[Round "1"]
[White "Makhnev, Yuri"]
[Black "Markov, Mikhail1111"]
[Result "0-1"]
[WhiteElo "1893"]
[BlackElo "1846"]
[PlyCount "50"]
[EventDate "2010.08.29"]
[EventType "swiss"]
[EventRounds "7"]
[EventCountry "RUS"]
[SourceTitle "EXT 2022"]
[Source "ChessBase"]
[SourceDate "2021.10.06"]
[SourceVersion "1"]
[SourceVersionDate "2021.10.06"]
[SourceQuality "1"]

1. e4 e5 2. Nf3 Nc6 3. Nc3 Nf6 4. Bb5 d6 5. 0-0 a6 6. Bxc6+ bxc6 7. d4 exd4 8. Nxd4 Bd7 9. Bg5 Be7 10. Bxf6 Bxf6 11. Re1 0-0 12. f4 Re8 13. Nf5 Bxf5 14. exf5 Rxe1+ 15. Qxe1 Qd7 16. Qe4 Re8 17. Qd3 c5 18. Qxa6 Qxf5 19. Rf1 Bxc3 20. b3 Qd5 21. a4 h6 22. h3 c4 23. f5 Re2 24. Rf2 Re1+ 25. Rf1 Qc5+ 0-1

[Event "Dmitrov op"]
[Site "Dmitrov"]
[Date "2010.08.16"]
[Round "5"]
[White "Vlassow, Valentin"]
[Black "Makhnev, Yuri"]
[Result "1-0"]
[WhiteElo "2346"]
[BlackElo "1893"]
[PlyCount "61"]
[EventDate "2010.08.14"]
[EventType "swiss"]
[EventRounds "9"]
[EventCountry "RUS"]
[SourceTitle "CBM 138 Extra"]
[Source "ChessBase"]
[SourceDate "2010.10.29"]
[SourceVersion "1"]
[SourceVersionDate "2010.10.29"]
[SourceQuality "1"]

1. e4 g6 2. d4 Bg7 3. c3 d6 4. Bg5 Nd7 5. Nf3 Ngf6 6. Nbd2 0-0 7. Bc4 Rb8 8. e5 dxe5 9. dxe5 Ng4 10. e6 Ndf6 11. exf7+ Kh8 12. Nb3 b5 13. Qxd8 Rxd8 14. Be2 Nh6 15. Nbd4 Bd7 16. Ne5 Rb6 17. 0-0-0 Nd5 18. Ndc6 Rxc6 19. Rxd5 Rd6 20. Rxd6 cxd6 21. Bxe7 dxe5 22. Bxd8 Nxf7 23. Be7 Bc6 24. f3 Nh6 25. Rd1 Ng8 26. Rd8 h5 27. Bd3 Bh6+ 28. Kc2 Kg7 29. Bf8+ Kf7 30. Bxh6 Nxh6 31. Rd6 1-0

[Event "Kimry Winter"]
[Site "Kimry"]
[Date "2010.01.26"]
[Round "7"]
[White "Jarulin, Rufat"]
[Black "Makhnev, Yuri"]
[Result "1-0"]
[WhiteElo "2047"]
[BlackElo "1877"]
[PlyCount "109"]
[EventDate "2010.01.23"]
[EventType "swiss"]
[EventRounds "8"]
[EventCountry "RUS"]
[SourceTitle "EXT 2022"]
[Source "ChessBase"]
[SourceDate "2021.10.06"]
[SourceVersion "1"]
[SourceVersionDate "2021.10.06"]
[SourceQuality "1"]

1. Nf3 Nf6 2. c4 e6 3. d4 b6 4. a3 Bb7 5. Nc3 d5 6. cxd5 exd5 7. Qc2 Be7 8. Bf4 c6 9. e3 Nbd7 10. Bd3 Nh5 11. Bg3 Nxg3 12. hxg3 g6 13. Ne2 Bd6 14. Nf4 Qf6 15. Rc1 Nf8 16. Qa4 Bxf4 17. gxf4 a5 18. Ne5 Rc8 19. Qb3 Qd8 20. f5 g5 21. Qd1 Qf6 22. Qh5 Nd7 23. Ng4 Qg7 24. Qh2 f6 25. Nh6 Qe7 26. Qh5+ Kf8 27. 0-0 Qe8 28. Qh2 Kg7 29. Rfe1 Qd8 30. f4 Qc7 31. Ng4 h5 32. Nf2 Rce8 33. g3 Re7 34. Qg2 Qd8 35. Nh3 g4 36. Nf2 Rhe8 37. Nd1 Kh6 38. Kh2 Nb8 39. Rc2 Bc8 40. Rce2 Bb7 41. Qf2 Kg7 42. Nc3 Qd7 43. e4 dxe4 44. Rxe4 Rxe4 45. Rxe4 Rxe4 46. Bxe4 c5 47. Bxb7 Qxb7 48. dxc5 bxc5 49. Na4 Nd7 50. Qd2 Qb5 51. Nc3 Qc6 52. Qe2 Qd6 53. Nb5 Qd5 54. Nc7 Qd6 55. Ne8+ 1-0

[Event "Kimry Winter"]
[Site "Kimry"]
[Date "2010.01.25"]
[Round "5"]
[White "Makhnev, Yuri"]
[Black "Shidlovski, Yuri"]
[Result "1/2-1/2"]
[WhiteElo "1877"]
[BlackElo "1994"]
[PlyCount "125"]
[EventDate "2010.01.23"]
[EventType "swiss"]
[EventRounds "8"]
[EventCountry "RUS"]
[SourceTitle "EXT 2022"]
[Source "ChessBase"]
[SourceDate "2021.10.06"]
[SourceVersion "1"]
[SourceVersionDate "2021.10.06"]
[SourceQuality "1"]

1. Nf3 d5 2. g3 c5 3. Bg2 Nc6 4. 0-0 e5 5. d3 f6 6. c4 Be6 7. Nbd2 Qd7 8. cxd5 Bxd5 9. b3 Nd4 10. Ba3 Nxf3+ 11. Nxf3 Rd8 12. Rc1 b6 13. Rc2 Qb7 14. Rd2 Ne7 15. b4 cxb4 16. Bxb4 Nc6 17. Bxf8 Rxf8 18. Ne1 Bxg2 19. Nxg2 Rf7 20. Qa4 Kf8 21. Rc1 Nd4 22. Qa3+ Kg8 23. Ne1 Rfd7 24. Nc2 Kh8 25. Nxd4 exd4 26. f3 h6 27. Kf2 Qd5 28. Qb3 Qe5 29. Rdc2 Kh7 30. a4 Re7 31. Qb5 Rd5 32. Qc6 h5 33. f4 Qe3+ 34. Kf1 Rc5 35. Qf3 Qxf3+ 36. exf3 Rxc2 37. Rxc2 Re3 38. Rc7 Rxd3 39. Ke2 Re3+ 40. Kf2 a5 41. Rd7 Rb3 42. Rxd4 Kg6 43. h4 Kf7 44. Ke2 Ke6 45. Re4+ Kd6 46. Re7 g6 47. Rg7 Rb4 48. Rxg6 Ke6 49. Rh6 Rxa4 50. Rxh5 Rb4 51. Rh8 Kf7 52. Rb8 a4 53. Ra8 b5 54. Ra5 Kg6 55. Kd2 Rb3 56. g4 a3 57. h5+ Kh6 58. Kc2 Rb2+ 59. Kc1 b4 60. Ra6 Kg7 61. Ra7+ Kh6 62. Ra6 Kg7 63. Ra7+ 1/2-1/2